| 000 | 00531cam a22002291 4500 | ||
|---|---|---|---|
| 001 | sa 64003486 | ||
| 003 | DLC | ||
| 005 | 20260227112018.0 | ||
| 008 | 940517m19619999ii 000 1 beno | ||
| 010 | _asa 64003486 | ||
| 025 | _aPL480:EP-B-228 | ||
| 035 | _a(OCoLC)30451198 | ||
| 040 |
_aDLC _cCU _dCU _dDLC |
||
| 042 | _apremarc | ||
| 050 | 0 | 0 |
_aPK1718.A15 _bM5 |
| 100 | 0 |
_aAbul Hasanat, _d1905- |
|
| 245 | 1 | 0 | _aMilana saṃgha. |
| 260 | _c[1961- | ||
| 300 |
_av. _c19 cm. |
||
| 500 | _aIn Bengali. | ||
| 500 | _aA novel. | ||
| 999 |
_c57968 _d57968 |
||